Ανάπτυξη μεθόδων προσδιορισμού παραπροϊόντων χλωρίωσης στο πόσιμο νερό : πτυχιακή εργασία
Αποθηκεύτηκε σε:
| Κύριος συγγραφέας: | |
|---|---|
| Συγγραφή απο Οργανισμό/Αρχή: | |
| Άλλοι συγγραφείς: | |
| Μορφή: | Thesis Βιβλίο |
| Γλώσσα: | Greek |
| Δημοσίευση: |
2009
|
| Θέματα: | |
| Διαθέσιμο Online: | http://hdl.handle.net/11610/9931 |
| Ετικέτες: |
Προσθήκη ετικέτας
Δεν υπάρχουν, Καταχωρήστε ετικέτα πρώτοι!
|
MARC
| LEADER | 00000cam a2200000 i 4500 | ||
|---|---|---|---|
| 001 | 1/7267 | ||
| 008 | 100510s2009 gre d | ||
| 035 | |l 10107801 | ||
| 040 | |a GR-MY-UA |b gre |e aacr | ||
| 041 | 0 | |a gre | |
| 082 | 0 | |a 628.1 |2 (22) | |
| 100 | 1 | |a Παναγόπουλος, Δημήτριος. | |
| 245 | 1 | 0 | |a Ανάπτυξη μεθόδων προσδιορισμού παραπροϊόντων χλωρίωσης στο πόσιμο νερό : |b πτυχιακή εργασία / |c Παναγόπουλος Δημήτριος ; επιβλέπουσα καθηγήτρια: Καλαντζή Όλγα-Ιωάννα |
| 260 | |c 2009 | ||
| 300 | |a 177 σ.; |b πιν.; |c 30 εκ. | ||
| 502 | |a Πτυχιακή εργασία – Πανεπιστήμιο Αιγαίου, Λέσβος, 2009. | ||
| 504 | |a Περιέχει βιβλιογραφία | ||
| 650 | 0 | 0 | |a Drinking water |x Analysis. |
| 650 | 0 | 0 | |a Drinking water |x Purification. |
| 650 | 0 | 0 | |a Water |x Purification |x Chlorination. |
| 650 | 0 | 0 | |a Dissertations, Academic |z Greece. |
| 700 | 1 | |4 ths |a Καλαντζή, Όλγα-Ιωάννα. | |
| 710 | 2 | |a Πανεπιστήμιο Αιγαίου. |b Σχολή Περιβάλλοντος. |b Τμήμα Περιβάλλοντος. | |
| 852 | |a INST |b LESVOS |c DIATR |e 20100510 |h 1233 |p 005100047182 |q 005100047182 |t DIE |y 23 | ||
| 852 | |a INST |b LESVOS |c DIATR |e 20100510 |h 1234 |p 005100047183 |q 005100047183 |t DIE |y 23 | ||
| 856 | |u http://hdl.handle.net/11610/9931 | ||
| 901 | |a BIBL1-2009-2 | ||
| 909 | |a Λ |b 163219 | ||
| 909 | |a Λ |b 163218 | ||
| 924 | |a ΠΑΝΑΓΟΠΥΟΛΟΣ |b ΔΗΜΗΤΡΙΟΣ |y ΛΕΣΒΟΣ |z 2009-11 | ||
| 970 | |a ΤΖΑΦΕΡΗ |b ΕΥΑΓΓΕΛΙΑ |z 2010/05/10 | ||